स्त्री विश्वदृष्टि, हिंदी प्रेस और स्वाधीनता संग्राम / (Record no. 52100)

MARC details
000 -LEADER
fixed length control field 00769nam a2200193Ia 4500
005 - DATE AND TIME OF LATEST TRANSACTION
control field 20260429112042.0
008 - FIXED-LENGTH DATA ELEMENTS--GENERAL INFORMATION
fixed length control field 260429s9999||||xx |||||||||||||| ||und||
020 ## - INTERNATIONAL STANDARD BOOK NUMBER
International Standard Book Number 9789391798949
041 ## - LANGUAGE CODE
Language Hindi
082 ## - DEWEY DECIMAL CLASSIFICATION NUMBER
Classification number 305.4
Item number CHA
100 ## - MAIN ENTRY--PERSONAL NAME
Personal name चतुवेर्दी, जगदीश्वर
245 #0 - TITLE STATEMENT
Title स्त्री विश्वदृष्टि, हिंदी प्रेस और स्वाधीनता संग्राम /
Statement of responsibility, etc जगदीश्वर चतुवेर्दी
250 ## - EDITION STATEMENT
Edition statement 1st ed.
260 ## - PUBLICATION, DISTRIBUTION, ETC. (IMPRINT)
Place of publication, distribution, etc दिल्ली :
Name of publisher, distributor, etc एकैडमिक पब्लिकेशन,
Date of publication, distribution, etc 2022.
300 ## - PHYSICAL DESCRIPTION
Extent 534 p.; Hb
650 ## - SUBJECT ADDED ENTRY--TOPICAL TERM
Topical term or geographic name as entry element हिंदी साहित्य
700 ## - ADDED ENTRY--PERSONAL NAME
Personal name सिंह, सुधा
942 ## - ADDED ENTRY ELEMENTS (KOHA)
Koha item type Text Books
Holdings
Withdrawn status Lost status Damaged status Not for loan Collection code Home library Location Shelving location Date of Cataloging Source of acquisition Total Checkouts Full call number Barcode Date last seen Price effective from Koha item type
        Non-fiction CUTN Central Library CUTN Central Library Social Sciences 29/04/2026 Kiran Book Service, New Delhi - Invoice No. IN-00113 on 09-02-2026   305.4 CHA 57175 29/04/2026 29/04/2026 Text Books